|
|
|
|
| LEADER |
00000nam0a2200000 4500 |
| 001 |
284617 |
| 005 |
20231101235719.0 |
| 020 |
|
|
|a RU
|b 85-28808
|
| 035 |
|
|
|a (RuTPU)RU\TPU\book\308796
|
| 090 |
|
|
|a 284617
|
| 100 |
|
|
|a 20150217d1985 km a0rusy5003 ca
|
| 101 |
1 |
|
|a rus
|c eng
|
| 102 |
|
|
|a RU
|
| 105 |
|
|
|a a z 001zy
|
| 200 |
0 |
|
|a Т. 2 : Утилизация и удаление осадков
|
| 210 |
|
|
|d 1985
|
| 215 |
|
|
|a 248 с.
|c ил.
|
| 320 |
|
|
|a Библиография в конце разделов
|
| 461 |
|
|
|t Обработка и удаление осадков сточных вод
|o в 2 т.
|o пер. с англ.
|f пер. А. А. Виницккой, З. Н. Макаренко
|v Т. 2 : Утилизация и удаление осадков
|d 1985
|
| 606 |
1 |
|
|a Сточные воды
|x Осадки
|x Очистка
|2 stltpush
|3 (RuTPU)RU\TPU\subj\57131
|9 74995
|
| 610 |
1 |
|
|a сжигание
|
| 610 |
1 |
|
|a пиролиз
|
| 610 |
1 |
|
|a компостирование
|
| 610 |
1 |
|
|a почвы
|
| 610 |
1 |
|
|a размещение
|
| 610 |
1 |
|
|a расчетные параметры
|
| 610 |
1 |
|
|a захоронение
|
| 610 |
1 |
|
|a утилизация
|
| 675 |
|
|
|a 628.33
|z rus
|v 4
|
| 801 |
|
0 |
|a RU
|b RuMRKP
|c 19950704
|g psbo
|
| 801 |
|
1 |
|a RU
|b 63413507
|c 20150217
|
| 801 |
|
2 |
|a RU
|b 63413507
|c 20210504
|g RCR
|
| 942 |
|
|
|c BK
|